000 01158nam a22002057a 4500
999 _c57307
_d57307
005 20200219120538.0
008 200219s2019ge xxu||||| |||| 00| 0 geo d
020 _q1987-6149
041 _ageo
245 _aმასწავლებელი :
_b2019 № 1 /
_cმთ.რედ. ნატო ინგოროყვა ; რედ : მანანა ბოჭორიშვილი ; ნანა მაჭავარიანი.
260 _aთბილისი :
_bმასწავლებლის პროფესიული განვითარების ეროვნული ცენტრის გამოცემა,
_c2019.
300 _aV.
653 _aგანათლება
653 _aპედაგოგიკა
653 _aპერიოდიკა
700 _aინგოროყვა, ნატო
_eმთავარი რედაქტორი
_97164
700 _a ბოჭორიშვილი, მანანა
_eრედაქტორი
_97165
700 _aმაჭავარიანი, ნანა
_eრედაქტორი
_95954
942 _2udc
_cCR